[Event "17th Prague Open 2018"]
[Site "Prague"]
[Date "2018.01.19"]
[Round "9"]
[White "Akshat, Khamparia"]
[Black "Schippers, Maurice"]
[Result "1-0"]
[WhiteElo "2381"]
[BlackElo "2309"]
[Annotator "NA"]
[PlyCount "141"]
[EventDate "2018.??.??"]
[EventType "swiss"]
[EventCountry "CZE"]
[SourceTitle "playchess.com"]
[Source "ChessBase"]
[SourceQuality "1"]
[TimeControl "40/5400+30:1800+30"]

1. d4 {[%emt 0:00:41]} Nf6 {[%emt 0:00:05]} 2. c4 {[%emt 0:00:09]} c5 {[%emt 0:00:16]} 3. d5 {[%emt 0:00:07]} e6 {[%emt 0:00:04]} 4. Nc3 {[%emt 0:00:27]} exd5 {[%emt 0:00:31]} 5. cxd5 {[%emt 0:00:06]} d6 {[%emt 0:00:13]} 6. Nf3 {[%emt 0:00:36] LiveBook: 7759 Games} g6 {[%emt 0:01:26]} 7. Bf4 {[%emt 0:03:39]} a6 {[%emt 0:02:43]} 8. a4 {[%emt 0:00:14]} Bg7 {[%emt 0:00:53]} 9. h3 {[%emt 0:00:05]} O-O {[%emt 0:00:40]} 10. e3 {[%emt 0:00:04]} Qe7 {[%emt 0:02:47] A61: Modern Benoni: Nf3 without early e4} 11. Be2 {[%emt 0:01:29]} Nbd7 {[%emt 0:01:45]} 12. O-O {[%emt 0:02:42]} Rb8 {[%emt 0:03:51]} 13. Nd2 {[%emt 0:02:35]} Ne5 {[%emt 0:05:34]} 14. Bh2 {[%emt 0:02:41] [#]} Bd7 $146 {[%emt 0:15:05]} ({Find the theoretical novelty and annotate with similar games:} 14... Ne8 15. f4 Nd3 16. e4 Bd4+ 17. Kh1 {0-1 (37) Bocharov,D (2609)-Inarkiev,E (2686) Apatity 2011}) 15. Re1 {[%emt 0:24:18]} b5 {[%emt 0:10:30]} 16. f4 {[%emt 0:03:07]} Nc4 {[%emt 0:04:10]} 17. Bxc4 {[%emt 0:07:27]} bxc4 {[%emt 0:00:04]} 18. e4 {[%emt 0:04:55]} Rxb2 {[%emt 0:03:11]} 19. e5 {[%emt 0:01:57]} Ne8 {[%emt 0:02:30]} 20. Nxc4 {[%emt 0:01:25]} Rb4 {[%emt 0:04:00]} 21. Qe2 {[%emt 0:02:14]} g5 {[%emt 0:10:21]} 22. fxg5 {[%emt 0:09:12]} Bf5 $16 {[%emt 0:07:56]} 23. Ra3 {[%emt 0:07:15]} Qxg5 {[%emt 0:03:58]} 24. Na2 {[%emt 0:01:03]} Rb1 {[%emt 0:02:37]} 25. Rxb1 {[%emt 0:02:15]} Bxb1 {[%emt 0:00:02]} 26. Rg3 {[%emt 0:00:27]} Qe7 {[%emt 0:02:20]} 27. Nc3 {[%emt 0:00:40]} Bg6 {[%emt 0:00:23]} 28. exd6 {[%emt 0:02:22]} Bd4+ {[%emt 0:04:13]} 29. Kh1 {[%emt 0:02:16]} Qd8 {[%emt 0:03:03]} 30. Qe7 {[%emt 0:02:27]} Ng7 {[%emt 0:00:19]} 31. Rf3 {[%emt 0:04:27]} Nf5 {[%emt 0:02:00]} 32. Qxd8 {[%emt 0:01:08]} Rxd8 {[%emt 0:00:01]} 33. Ne2 {[%emt 0:01:04]} Bg7 {[%emt 0:01:22]} 34. Rb3 {[%emt 0:02:21]} Nd4 {[%emt 0:00:58]} 35. Nxd4 {[%emt 0:02:34]} cxd4 {[%emt 0:00:01]} 36. d7 {[%emt 0:02:12]} Bf6 {[%emt 0:01:31]} 37. Rb8 {[%emt 0:02:42]} Bf5 {[%emt 0:01:39]} 38. Rb6 {[%emt 0:01:57]} Kg7 {[%emt 0:01:30]} 39. Nd6 {[%emt 0:01:10]} Bxd7 {[%emt 0:01:11]} 40. Ne4 {[%emt 0:00:10]} Be7 {[%emt 0:34:11]} 41. Be5+ {[%emt 0:01:26]} f6 {[%emt 0:00:00]} 42. Bxd4 {[%emt 0:10:28]} Bxa4 {[%emt 0:00:00]} 43. Rxa6 {[%emt 0:03:34]} Bc2 {[%emt 0:00:00]} 44. Ra7 {[%emt 0:04:16]} Rxd5 {[%emt 0:00:00]} 45. Rxe7+ {[%emt 0:03:22]} Kf8 {[%emt 0:00:00]} 46. Bxf6 {[%emt 0:01:31]} Rf5 {[%emt 0:00:00]} 47. Bh4 {[%emt 0:05:53]} Rh5 {[%emt 0:00:00]} 48. Bf6 {[%emt 0:01:41]} Rf5 {[%emt 0:00:00]} 49. Rxh7 {[%emt 0:01:33]} Bxe4 {[%emt 0:00:00]} 50. Rh8+ {[%emt 0:00:11]} Kf7 {[%emt 0:00:00]} 51. Bh4 {[%emt 0:00:15]} Rc5 {[%emt 0:00:00]} 52. Bf2 {[%emt 0:02:13]} Rc2 {[%emt 0:00:00]} 53. Rh4 {[%emt 0:00:12]} Bc6 {[%emt 0:01:47]} 54. Rf4+ {[%emt 0:00:08]} Ke6 {[%emt 0:01:24]} 55. Kh2 {[%emt 0:00:29]} Ra2 {[%emt 0:01:47]} 56. h4 {[%emt 0:00:43]} Ke5 {[%emt 0:00:30]} 57. Rf8 {[%emt 0:00:13]} Be4 {[%emt 0:01:54]} 58. g4 {[%emt 0:00:51]} Ra3 {[%emt 0:01:09]} 59. Bg3+ {[%emt 0:00:28]} Ke6 {[%emt 0:00:33]} 60. h5 {[%emt 0:00:42]} Bf3 {[%emt 0:00:54]} 61. Kh3 {[%emt 0:00:22]} Bd1 {[%emt 0:00:32]} 62. h6 {[%emt 0:01:07]} Bc2 {[%emt 0:00:22]} 63. Kh4 {[%emt 0:00:10]} Ke7 {[%emt 0:00:32]} 64. Rf2 {[%emt 0:00:25]} Bb1 {[%emt 0:00:34]} 65. Rb2 {[%emt 0:00:17]} Bg6 {[%emt 0:00:29]} 66. Rb7+ {[%emt 0:00:57]} Kf6 {[%emt 0:00:36]} 67. h7 {[%emt 0:00:34]} Ra8 {[%emt 0:00:23]} 68. Be1 {[%emt 0:00:15]} Be4 {[%emt 0:00:36]} 69. Bc3+ {[%emt 0:00:18]} Kg6 {[%emt 0:00:28]} 70. Rg7+ {[%emt 0:00:14]} Kh6 {[%emt 0:00:02]} 71. g5# {[%emt 0:00:04]} 1-0

[Event "17th Prague Open 2018"]
[Site "Prague"]
[Date "2018.01.19"]
[Round "9"]
[White "Mihajlov, Sebastian"]
[Black "Harshini A"]
[Result "1-0"]
[WhiteElo "2371"]
[BlackElo "2185"]
[Annotator "NA"]
[PlyCount "57"]
[EventDate "2018.??.??"]
[EventType "swiss"]
[EventCountry "CZE"]
[SourceTitle "playchess.com"]
[Source "ChessBase"]
[SourceQuality "1"]
[TimeControl "40/5400+30:1800+30"]

1. d4 {[%emt 0:26:22]} Nf6 {[%emt 0:00:12]} 2. c4 {[%emt 0:00:04]} g6 {[%emt 0:00:08]} 3. Nc3 {[%emt 0:00:03]} d5 {[%emt 0:00:04]} 4. cxd5 {[%emt 0:00:31]} Nxd5 {[%emt 0:00:07]} 5. e4 {[%emt 0:00:03]} Nxc3 {[%emt 0:00:06]} 6. bxc3 {[%emt 0:00:03]} Bg7 {[%emt 0:00:06]} 7. Bc4 {[%emt 0:00:03]} c5 {[%emt 0:00:05]} 8. Ne2 {[%emt 0:00:04]} O-O {[%emt 0:00:10]} 9. O-O {[%emt 0:00:04]} Nc6 {[%emt 0:03:39]} 10. Be3 {[%emt 0:00:05]} Qc7 {[%emt 0:04:45]} 11. Rc1 {[%emt 0:00:26]} b6 {[%emt 0:03:36]} 12. Qd2 {[%emt 0:03:43]} Bb7 {[%emt 0:02:12] LiveBook: 39 Partien D87: Exchange Grünfeld: Classical Line: Variations without ...cxd4} 13. Rfd1 {[%emt 0:00:07]} (13. Bh6 e6 14. Bxg7 Kxg7 15. Qe3 Rfd8 16. f4 Qe7 17. Qf2 f5 18. Bd3 fxe4 19. Bxe4 Nxd4 20. cxd4 Bxe4 21. dxc5 bxc5 22. Rxc5 {0-1 (34) Bacrot,E (2706)-Vachier Lagrave,M (2682) Nancy 2012}) 13... Rad8 {[%emt 0:05:24]} 14. Bf4 {[%emt 0:03:27]} e5 {[%emt 0:02:36]} 15. Bg5 {[%emt 0:00:09]} Rd6 $146 {[%emt 0:02:09]} ({Predecessor:} 15... Rd7 16. d5 Na5 17. Bb5 Rd6 18. c4 f6 19. Bh4 Bc8 20. Bg3 {½-½ (30) Demeter,J (2006)-Krykun,Y (2351) Corund 2017}) 16. Bd5 {[%emt 0:02:48]} Rd7 {[%emt 0:16:48]} 17. dxc5 {[%emt 0:03:50]} bxc5 {[%emt 0:00:21]} 18. Qe3 {[%emt 0:00:33]} Na5 {[%emt 0:01:10]} 19. c4 {[%emt 0:00:25]} Ba6 {[%emt 0:02:37]} 20. Rd3 {[%emt 0:05:22]} Rb8 {[%emt 0:02:10]} 21. h4 {[%emt 0:05:40]} Rb4 {[%emt 0:05:31]} 22. Qd2 {[%emt 0:02:59]} Bc8 {[%emt 0:03:18]} 23. h5 {[%emt 0:04:09]} Nc6 {[%emt 0:02:00]} 24. Bh6 {[%emt 0:04:45]} Ne7 {[%emt 0:09:15]} 25. hxg6 {[%emt 0:09:37]} hxg6 $18 {[%emt 0:01:01]} 26. Rh3 {[%emt 0:06:49]} Rxd5 {[%emt 0:06:11]} 27. cxd5 {[%emt 0:00:14]} Bxh3 {[%emt 0:00:05]} 28. Bxg7 {[%emt 0:00:19]} Kxg7 {[%emt 0:00:45]} 29. Qxb4 {[%emt 0:00:07]} 1-0

[Event "17th Prague Open 2018"]
[Site "Prague"]
[Date "2018.01.19"]
[Round "9"]
[White "Szpar, Milosz"]
[Black "Krivanek, Vladimir"]
[Result "1-0"]
[WhiteElo "2367"]
[BlackElo "2076"]
[Annotator "NA"]
[PlyCount "95"]
[EventDate "2018.??.??"]
[EventType "swiss"]
[EventCountry "CZE"]
[SourceTitle "playchess.com"]
[Source "ChessBase"]
[SourceQuality "1"]
[TimeControl "40/5400+30:1800+30"]

1. e4 {[%emt 0:00:00]} b6 {[%emt 0:02:44]} 2. d4 {[%emt 0:00:00]} Bb7 {[%emt 0:00:07]} 3. Nc3 {[%emt 0:00:02]} e6 {[%emt 0:00:44]} 4. Nf3 {[%emt 0:03:07]} Bb4 {[%emt 0:00:40]} 5. Bd3 {[%emt 0:00:47]} Nf6 {[%emt 0:00:48]} 6. Qe2 {[%emt 0:00:21]} d5 {[%emt 0:00:45]} 7. e5 {[%emt 0:07:06] B00: Damenfianchetto, Nimzowitsch-Verteidigung} (7. exd5 Qxd5 8. O-O Bxc3 9. bxc3 Nbd7 10. c4 Qh5 11. Bf4 Rc8 12. a4 a5 13. Rab1 O-O 14. Rb5 c5 15. dxc5 Rxc5 {0-1 (29) Eljanov,P (2734)-Carlsen,M (2827) Douglas 2017}) 7... Ne4 {[%emt 0:02:09]} 8. O-O {[%emt 0:00:32]} Bxc3 {[%emt 0:02:58]} 9. bxc3 {[%emt 0:00:35]} Nxc3 {[%emt 0:01:06]} 10. Qe3 {[%emt 0:00:38]} h6 {[%emt 0:08:31]} 11. Nd2 {[%emt 0:04:56]} Qd7 $146 {[%emt 0:20:46]} ({Vorgänger:} 11... Nd7 12. a4 c5 13. Bb2 cxd4 14. Qxd4 Ne4 15. Nxe4 dxe4 16. Bb5 a6 17. Bxd7+ Qxd7 18. Qxb6 O-O 19. Ba3 Rfc8 20. Rfc1 Bd5 {½-½ (20) Cichonski,B (2067)-Buckley,G (1934) Gonzaga 2013}) 12. f4 {[%emt 0:06:26]} g6 {[%emt 0:00:31]} 13. Bb2 {[%emt 0:02:30]} Na4 {[%emt 0:00:56]} 14. Ba3 {[%emt 0:00:08]} a6 {[%emt 0:06:16]} (14... Nc3 $11) 15. c4 {[%emt 0:03:38]} dxc4 {[%emt 0:01:46]} 16. Ne4 {[%emt 0:01:32]} ({Doch nicht} 16. Nxc4 $6 Nc3 $15) 16... Bxe4 {[%emt 0:02:00]} 17. Bxe4 {[%emt 0:00:30]} Nc6 {[%emt 0:03:03]} 18. Rad1 {[%emt 0:02:59]} O-O-O {[%emt 0:04:31]} 19. d5 {[%emt 0:03:59]} Ne7 {[%emt 0:01:26]} 20. dxe6 {[%emt 0:06:22]} Qxe6 {[%emt 0:00:55]} 21. Qf3 {[%emt 0:01:47]} Kb8 {[%emt 0:07:41]} 22. Bc2 {[%emt 0:01:09]} b5 {[%emt 0:12:23]} 23. Bxa4 {[%emt 0:00:17]} Nd5 {[%emt 0:01:53]} (23... Qb6+ $16 {kämpft weiter.} 24. Qf2 Qxf2+ 25. Rxf2 Nf5) 24. Bc2 {[%emt 0:02:33]} Qb6+ {[%emt 0:00:42] [#]} 25. Kh1 $15 {[%emt 0:04:25]} (25. Qf2 $1 $16) 25... Ne3 {[%emt 0:00:14]} 26. Qf2 {[%emt 0:03:42]} Nxd1 {[%emt 0:02:57]} 27. Qxb6+ {[%emt 0:01:27]} cxb6 {[%emt 0:00:02]} 28. Rxd1 {[%emt 0:05:58]} Rxd1+ {[%emt 0:01:29]} 29. Bxd1 {[%emt 0:00:04]} a5 {[%emt 0:01:58]} 30. Bd6+ {[%emt 0:00:41]} Ka7 {[%emt 0:01:07]} 31. Kg1 {[%emt 0:01:29]} b4 {[%emt 0:00:46]} 32. Kf2 {[%emt 0:00:27]} Rc8 {[%emt 0:01:26]} 33. Ke2 {[%emt 0:03:06]} b5 {[%emt 0:00:20]} 34. Bc2 {[%emt 0:15:49]} Kb6 {[%emt 0:00:44]} 35. g4 {[%emt 0:02:17]} h5 {[%emt 0:05:49]} 36. g5 {[%emt 0:04:45]} c3 {[%emt 0:01:15]} 37. Kd3 {[%emt 0:00:54]} Rc4 {[%emt 0:00:19]} 38. Bb3 {[%emt 0:00:49]} Kc6 {[%emt 0:04:46]} 39. Bxc4 {[%emt 0:01:33]} bxc4+ {[%emt 0:00:02]} 40. Kc2 {[%emt 0:00:08]} Kb5 {[%emt 0:31:20]} 41. f5 {[%emt 0:31:02]} Kc6 {[%emt 0:00:00]} 42. Bf8 {[%emt 0:00:00]} Kd7 {[%emt 0:00:00]} 43. e6+ {[%emt 0:00:00]} Ke8 {[%emt 0:00:00]} 44. fxg6 {[%emt 0:00:00]} fxg6 {[%emt 0:00:00]} 45. Bd6 {[%emt 0:00:00]} Kd8 {[%emt 0:00:00]} 46. a4 {[%emt 0:00:00]} Kc8 {[%emt 0:00:00]} 47. Bxb4 {[%emt 0:00:00]} axb4 {[%emt 0:00:00]} 48. a5 {[%emt 0:00:00]} 1-0

[Event "17th Prague Open 2018"]
[Site "Prague"]
[Date "2018.01.19"]
[Round "9"]
[White "Melamed, Tatjana"]
[Black "Jurcik, Marian"]
[Result "1/2-1/2"]
[WhiteElo "2347"]
[BlackElo "2460"]
[Annotator "TA"]
[PlyCount "86"]
[EventDate "2018.??.??"]
[EventType "swiss"]
[EventCountry "CZE"]
[SourceTitle "playchess.com"]
[Source "ChessBase"]
[SourceQuality "1"]

{[%evp 33,86,3,3,4,7,0,22,10,17,6,19,8,9,0,0,0,3,0,0,0,0,0,0,0,0,0,0,0,0,-14,-9,-10,0,-21,-24,-23,0,0,0,0,0,0,0,0,0,0,0,-108,0,0,0,0,0,0,0]} 1. e4 e5 2. Nf3 Nc6 3. Bb5 a6 4. Ba4 d6 5. c3 f5 6. exf5 Bxf5 7. O-O Bd3 8. Re1 Be7 9. Bc2 Bxc2 10. Qxc2 Nf6 11. d4 e4 12. Ng5 d5 13. f3 h6 {C74: Spanische Partie (Moderne Steinitz-Verteidigung)} 14. Nh3 O-O 15. Nd2 exf3 16. Nxf3 Rf7 17. Qg6 Bd6 $1 {LiveBook: 7 Partien} 18. Bf4 Ne7 19. Qd3 {[#]} Ng4 $146 20. Ne5 Nxe5 21. Bxe5 Qd7 22. Bxd6 Qxd6 23. Qe3 Raf8 24. Qe6 Nf5 25. g3 g5 26. Re5 Qxe6 27. Rxe6 Kg7 28. Re5 Nd6 29. Rae1 c6 30. Re7 Nc4 31. Rxf7+ Rxf7 $11 {[%mdl 4096] Endspiel KTS-KTS} 32. Re2 Rf3 33. Nf2 Ne3 34. Re1 Nc4 35. Kg2 Re3 36. Rxe3 Nxe3+ {KS-KS} 37. Kf3 Nc4 38. Nd3 Kf6 39. g4 a5 40. a4 {[#]} (40. Ke2 $11 {hält das Gleichgewicht.}) 40... b6 (40... b5 $1 $17 {[%cal Rb5a4]} 41. axb5 cxb5) 41. Ke2 {Die Stellung ist ausgeglichen.} Ke6 42. b3 Nd6 43. Ne5 Ne4 {Precision: Weiß = 59%, Schwarz = 61%.} 1/2-1/2

[Event "17th Prague Open 2018"]
[Site "Prague"]
[Date "2018.01.19"]
[Round "9"]
[White "Thakur, Akash"]
[Black "Pena Gomez, Manuel"]
[Result "0-1"]
[WhiteElo "2338"]
[BlackElo "2491"]
[Annotator "TA"]
[PlyCount "90"]
[EventDate "2018.??.??"]
[EventType "swiss"]
[EventCountry "CZE"]
[SourceTitle "playchess.com"]
[Source "ChessBase"]
[SourceQuality "1"]

{[%evp 21,90,30,32,0,8,10,10,-14,-16,-16,-6,-7,0,-50,-37,-44,-35,-49,-44,-39,-44,-43,-42,-68,-66,-66,-66,-73,-57,-58,-56,-56,-57,-56,-54,-45,-43,-114,-116,-123,-123,-104,-105,-157,-141,-175,-175,-201,-225,-637,-604,-543,-525,-6270,-5381,-6099,-4134,-29970,-29972,-29972,-29973,-29972,-29974,-29974,-29975,-29975,-29976,-29976,-29977,-29975,-29975]} 1. e4 c5 2. Nf3 d6 3. Bb5+ Bd7 4. Bxd7+ Qxd7 5. c4 Nf6 6. Nc3 Nc6 7. d4 cxd4 8. Nxd4 g6 9. f3 Bg7 10. Be3 O-O 11. O-O a6 12. b3 {B52: Sicilian: Moscow Variation with 3...Bd7} (12. Na4 Rab8 13. Nxc6 Qxc6 14. Nb6 Nd7 15. Nxd7 Qxd7 16. Rf2 b5 17. c5 Qa7 18. Rc1 dxc5 19. Bxc5 Qc7 {1-0 (50) Caruana,F (2807)-Kasparov,G (2812) Saint Louis 2017}) 12... Nxd4 13. Bxd4 b5 14. Nd5 {The position is equal.} Nxd5 15. cxd5 Bh6 16. f4 Rac8 17. Rc1 $146 ({Predecessor:} 17. Qd2 Rc7 18. Bb6 Rb7 19. Be3 Rc8 {½-½ (62) Lecomte,R (2013)-Slingerland,F (2330) Delft 2014}) 17... Rxc1 18. Qxc1 Rc8 19. Qd2 Bg7 20. Bxg7 Kxg7 $15 {[%mdl 4096] Endgame KQR-KQR} 21. Qd4+ Kg8 22. h3 Rc2 23. Rf2 Qc7 24. Kh2 Rc1 25. e5 Qc5 26. Qxc5 Rxc5 {KR-KR} 27. Rd2 a5 28. Kg3 Rc3+ 29. Kg4 (29. Kf2 $1 $15) 29... Kg7 $17 30. exd6 {[#]} h5+ $1 ({Don't play} 30... exd6 31. f5 $15) 31. Kh4 exd6 32. g4 ({White should try} 32. g3) 32... hxg4 33. hxg4 Rf3 34. Rd4 Kf6 35. a4 $2 (35. Re4) 35... b4 $19 36. Rc4 Rc3 {White must now prevent ...Rxc4.} (36... Rxb3 $2 37. Rc6 $19) 37. Rc6 {[#]} Rxc6 $1 38. dxc6 {KP-KP} Ke7 39. f5 gxf5 {Black mates.} 40. gxf5 d5 {[%cal Bd6d5,Bd5d4][%mdl 32]} 41. Kg5 Kd6 42. f6 Kxc6 43. Kf4 Kd6 44. Kf5 d4 45. Ke4 Kc5 {Precision: White = 32%, Black = 94%.} 0-1

[Event "17th Prague Open 2018"]
[Site "Prague"]
[Date "2018.01.19"]
[Round "9"]
[White "Lee, Jun Hyeok"]
[Black "Neuman, Petr"]
[Result "0-1"]
[WhiteElo "2305"]
[BlackElo "2452"]
[Annotator "TA"]
[PlyCount "83"]
[EventDate "2018.??.??"]
[EventType "swiss"]
[EventCountry "CZE"]
[SourceTitle "playchess.com"]
[Source "ChessBase"]
[SourceQuality "1"]

{[%evp 10,83,14,0,6,3,6,0,8,7,10,4,0,0,0,0,30,27,25,29,33,-7,8,0,0,-10,0,0,0,-13,-15,-23,-18,-20,17,14,6,7,25,0,21,0,0,0,0,-17,-10,-18,0,-129,-136,-129,-120,-238,-111,-144,-139,-127,-136,-164,-156,-282,-166,-215,-158,-1494,-1463,-2078,-2045,-2065,-1982,-1871,-1571,-1559,-1552,-1205]} 1. Nf3 d5 2. d4 c6 3. e3 Bf5 4. c4 e6 5. Nc3 Nd7 6. Be2 h6 {D11: Slav Defence: 3 Nf3 sidelines and 3...Nf6 4 e3 Bg4} 7. Bd3 Bxd3 8. Qxd3 Ngf6 {The position is equal.} 9. O-O Bb4 10. Bd2 (10. a3 Ba5 11. b3 O-O 12. Bb2 Qe7 13. Rfd1 Bc7 14. Qc2 {0-1 (56) Kuzubov,Y (2699)-Grigoriants,S (2561) Riadh 2017}) 10... Ba5 11. b4 $146 ({Predecessor:} 11. Rab1 O-O 12. Rfd1 Re8 13. b4 Bc7 14. b5 {½-½ (14) Ozen,B (2306)-Ozer,O (2374) Izmir 2016}) 11... Bc7 12. e4 {[%cal Be3e4,Be4e5][%mdl 32]} Nb6 13. cxd5 cxd5 14. e5 Nfd7 {[%cal Bf6d7,Bd7b6,Bb6c4][%mdl 32]} 15. Ne2 Nc4 16. Bf4 Qe7 17. Nd2 Nxd2 18. Bxd2 Nb6 19. f4 g6 20. Qh3 Nc4 21. Be1 O-O-O 22. a4 Kb8 23. a5 Rc8 24. Nc3 {[%cal Be2c3,Bc3a4,Ba4c5][%mdl 32]} Qd7 25. Na4 Bd8 26. Nc5 Qb5 27. Bh4 Bxh4 28. Qxh4 Ne3 $36 {[%mdl 2048] Black has some pressure.} ({Avoid the trap} 28... Qxb4 $2 29. Rfb1 $18) 29. Rfb1 (29. Rfc1 $1 $11) 29... Nc2 $17 30. Ra2 Nxd4 31. Qf6 (31. Qe1 $17 {keeps fighting.}) 31... Qe8 (31... Rhe8 $19 32. Rd2 Nf5) 32. a6 b6 33. Nb7 {intending Nd6.} Rc7 34. Rd2 Nf5 35. Kf2 (35. g4 $17 Ne3 36. h3) 35... h5 (35... Rg8 $142 {...Qc6 is the strong threat.} 36. b5 Qc8) 36. Rbb2 Qc8 37. b5 $2 {[#]} (37. Nd6 $17 Qd8 38. Qxd8+ Rxd8 39. Nxf5 gxf5 40. Rdc2) 37... Rc1 $19 {Black is clearly winning.} 38. Qxh8 Qxh8 39. Rdc2 Rxc2+ 40. Rxc2 Qh6 41. g3 h4 {[#] And now ...hxg3+ would win.} 42. Rc8+ {Precision: White = 33%, Black = 63%.} 0-1

[Event "17th Prague Open 2018"]
[Site "Prague"]
[Date "2018.01.19"]
[Round "9"]
[White "Hainke, Guntram"]
[Black "Kalegin, Evgenij"]
[Result "1-0"]
[WhiteElo "2283"]
[BlackElo "2426"]
[Annotator "TA"]
[PlyCount "95"]
[EventDate "2018.??.??"]
[EventType "swiss"]
[EventCountry "CZE"]
[SourceTitle "playchess.com"]
[Source "ChessBase"]
[SourceQuality "1"]

{[%evp 13,95,22,62,9,68,50,65,66,58,45,56,54,59,59,91,91,99,89,92,88,90,87,90,78,80,80,97,96,107,87,107,97,122,100,152,83,167,160,187,175,202,148,139,145,150,164,153,104,104,104,179,164,183,133,128,125,162,144,151,144,153,72,72,72,148,145,186,99,100,102,739,305,1000,990,949,825,922,329,1807,1551,1887,1800,1943,1823]} 1. d4 Nf6 2. c4 g6 3. Nc3 Bg7 4. e4 d6 5. Be2 O-O 6. Bg5 Na6 7. f4 Qe8 8. e5 {E73: King's Indian: Averbakh Variation without 6...c5} (8. Nf3 $14) (8. Nf3 e5 9. fxe5 dxe5 10. d5 Nc5 11. Nd2 Nh5 12. Bxh5 gxh5 13. Qxh5 Nd3+ 14. Ke2 Nf4+ 15. Bxf4 exf4 16. Rhf1 {1-0 (44) Potkin,V (2682)-Grischuk,A (2746) Khanty-Mansiysk 2011}) 8... Nd7 ({Black should try} 8... Nh5 $11) 9. Nf3 $14 c5 10. O-O {White is slightly better.} cxd4 11. Nd5 ({Don't play} 11. Nxd4 dxe5 12. fxe5 Nxe5 $11) 11... f6 12. exf6 Nxf6 13. Bxf6 exf6 $146 ({Predecessor:} 13... Bxf6 14. Nxf6+ Rxf6 15. Qxd4 Nc5 {1-0 (45) Horvath,C (2500)-Gonzalez,G (2360) Budapest 1995}) 14. Nxd4 {Strongly threatening f5.} f5 15. Bf3 Qd8 16. Qd2 Nc7 17. Rfe1 Nxd5 18. Bxd5+ ({Much worse is} 18. cxd5 Qb6 $15) 18... Kh8 19. Rad1 Rb8 20. b3 Bd7 21. Nf3 h6 22. Kf1 b5 23. Re2 Qf6 {[#]} (23... bxc4 $142 24. Bxc4 Rb6) 24. Rde1 (24. Qa5 $142 $1) 24... Rfe8 (24... Qd8 $16 {was worth a try.}) 25. Rxe8+ $18 Rxe8 26. Rxe8+ Bxe8 27. Qe2 Bd7 28. cxb5 g5 29. fxg5 hxg5 30. Bc6 Be6 31. Nxg5 Qxg5 (31... Bxb3 $16 32. Qh5+ (32. axb3 Qxg5 33. g3 Be5 $16) 32... Bh6) 32. Qxe6 Qc1+ 33. Qe1 Qf4+ 34. Kg1 Qd4+ 35. Kh1 Be5 36. g3 f4 37. Qe2 (37. g4 $142) 37... fxg3 $16 38. hxg3 Kg7 {[#]} (38... Bxg3 $142 39. Qh5+ Kg8) 39. Kg2 $1 d5 40. Qf3 (40. Kh3 $18) 40... Qd2+ 41. Qf2 Qxf2+ $4 {[%mdl 8192]} (41... Qd3 $16) 42. Kxf2 {[%mdl 4096] Endgame KB-KB} d4 $2 (42... Kf6 43. Bxd5 Bd6) 43. Be4 $18 Kf6 44. Kf3 Ke6 45. g4 $2 (45. Bd3 Bd6 46. Ke4) 45... Kd6 $2 (45... Bf6 46. a4 Bd8) 46. g5 {[%cal Bg4g5,Bg5g6][%mdl 32] White is clearly winning.} Kc5 47. a4 Kb4 48. g6 {Precision: White = 61%, Black = 35%.} 1-0

[Event "17th Prague Open 2018"]
[Site "Prague"]
[Date "2018.01.19"]
[Round "9"]
[White "Tuma, Jiri"]
[Black "Lalic, Bogdan"]
[Result "1/2-1/2"]
[WhiteElo "2272"]
[BlackElo "2415"]
[Annotator "TA"]
[PlyCount "42"]
[EventDate "2018.??.??"]
[EventType "swiss"]
[EventCountry "CZE"]
[SourceTitle "playchess.com"]
[Source "ChessBase"]
[SourceQuality "1"]

{[%evp 13,42,-35,0,0,0,-17,-8,-15,21,25,16,13,16,-17,23,23,20,0,0,0,0,0,8,0,4,0,0,0,0,0,0]} 1. e4 e5 2. Nf3 Nc6 3. Nc3 Nf6 4. d4 exd4 5. Nd5 Nb4 6. Nxd4 Nbxd5 {C47: Schottisches Vierspringerspiel} 7. exd5 Bc5 {LiveBook: 3 Partien} 8. Be2 d6 9. O-O O-O 10. c4 h6 11. b3 Ne4 $146 {[#] zielt auf ...Sc3 ab.} ({Vorgänger:} 11... a5 12. a3 Re8 13. Bb2 Bd7 14. Bd3 Ng4 15. h3 Ne5 16. f4 {½-½ (16) Mahjoob,M (2304)-Ghane Gardeh,S (2465) Dubai 2001}) 12. Bb2 Re8 13. Bf3 Bd7 14. Qd3 Ng5 15. Nf5 {Die Stellung ist ausgeglichen.} Bxf5 16. Qxf5 Nxf3+ 17. Qxf3 Qg5 18. Bc3 Re7 19. Rfe1 Rae8 20. Kf1 Rxe1+ 21. Rxe1 Rxe1+ {Precision: Weiß = 59%, Schwarz = 40%.} 1/2-1/2

[Event "17th Prague Open 2018"]
[Site "Prague"]
[Date "2018.01.19"]
[Round "9"]
[White "Nitish Belurkar"]
[Black "Moehn, Hans"]
[Result "1-0"]
[WhiteElo "2270"]
[BlackElo "2378"]
[Annotator "NA"]
[PlyCount "57"]
[EventDate "2018.??.??"]
[EventType "swiss"]
[EventCountry "CZE"]
[SourceTitle "playchess.com"]
[Source "ChessBase"]
[SourceQuality "1"]
[TimeControl "40/5400+30:1800+30"]

1. e4 {[%emt 0:00:00]} d5 {[%emt 0:05:48]} 2. exd5 {[%emt 0:00:00]} Qxd5 {[%emt 0:00:05]} 3. d4 {[%emt 0:00:02]} Nf6 {[%emt 0:01:06]} 4. Nf3 {[%emt 0:00:26]} Bg4 {[%emt 0:04:15]} 5. Be2 {[%emt 0:01:49]} c6 {[%emt 0:01:06]} 6. O-O {[%emt 0:02:41]} g6 {[%emt 0:06:21]} 7. h3 {[%emt 0:02:58]} Bxf3 {[%emt 0:00:06]} 8. Bxf3 {[%emt 0:00:07]} Qd8 {[%emt 0:02:33]} 9. c4 {[%emt 0:02:09]} Bg7 {[%emt 0:00:23]} 10. Nc3 {[%emt 0:00:21]} O-O {[%emt 0:00:37]} 11. Bf4 {[%emt 0:08:49]} Ne8 {[%emt 0:02:55]} 12. d5 {[%emt 0:11:32]} (12. Qb3 $16 Qxd4 13. Qxb7 Qxf4 14. Qxa8) 12... Nd6 $16 {[%emt 0:09:36]} 13. Qb3 {[%emt 0:06:27]} c5 {[%emt 0:02:07]} 14. Nb5 {[%emt 0:09:55]} b6 {[%emt 0:02:52]} 15. Rfe1 {[%emt 0:01:51]} a6 {[%emt 0:02:17]} 16. Nxd6 {[%emt 0:02:21]} exd6 {[%emt 0:00:15]} 17. Re2 {[%emt 0:00:31]} Qf6 {[%emt 0:14:33]} 18. Qe3 {[%emt 0:10:28]} h6 {[%emt 0:01:04]} 19. Bg4 {[%emt 0:07:18]} Kh7 {[%emt 0:17:29]} 20. Qg3 {[%emt 0:07:54]} Rd8 {[%emt 0:04:13]} 21. Rae1 {[%emt 0:01:18]} a5 {[%emt 0:09:03]} 22. Re7 {[%emt 0:08:27]} h5 {[%emt 0:10:46]} 23. Bf3 {[%emt 0:03:03]} Rd7 {[%emt 0:00:01]} 24. Re8 {[%emt 0:01:18]} Bh6 {[%emt 0:01:02]} 25. Bxh6 {[%emt 0:01:13]} Kxh6 {[%emt 0:00:01]} 26. Rf8 {[%emt 0:00:58]} Qxb2 {[%emt 0:02:23]} 27. Qf4+ {[%emt 0:01:43]} Kg7 {[%emt 0:00:10]} 28. Ree8 {[%emt 0:00:22]} a4 {[%emt 0:00:38]} 29. Rh8 {[%emt 0:00:10]} 1-0